[Event "AUTO-ADV-3520"]
[Site "http://www.queenalice.com/game.php?id=1411329"]
[Date "2016.2.27"]
[Round "2"]
[White "mvson33"]
[Black "Janivgm"]
[Result "0-1"]
[WhiteElo "1909"]
[BlackElo "1824"]

1. e4 e5 2. Nf3 Nf6 3. Bc4 Nxe4 4. O-O d6 5. Re1 Nf6 6. d3 Be7 7. Nc3 Nc6 8. a3
Bg4 9. Be3 O-O 10. Rc1 Re8 11. Ne4 a6 12. Nxf6+ Bxf6 13. h3 Bh5 14. g4 Bg6 15.
Qd2 e4 16. dxe4 Bxb2 17. Rb1 Bxa3 18. Rxb7 Rb8 19. Reb1 Qf6 20. Bd5 Rxb7 21.
Rxb7 Bxe4 22. Bxe4 Rxe4 23. Rxc7 Nd8 24. Ra7 Qxf3 25. Ra8 Re8 26. Bb6 Qxa8 0-1

[Event "AUTO-ADV-3520"]
[Site "http://www.queenalice.com/game.php?id=1411330"]
[Date "2016.2.27"]
[Round "2"]
[White "Janivgm"]
[Black "mvson33"]
[Result "1/2-1/2"]
[WhiteElo "1891"]
[BlackElo "1862"]

1. d4 Nf6 2. c4 e6 3. Nc3 d5 4. cxd5 exd5 5. Nf3 c6 6. Bg5 Bf5 7. e3 Nbd7 8. Bd3
Bxd3 9. Qxd3 Be7 10. O-O O-O 11. Rfe1 Re8 12. b3 h6 13. Bh4 g5 14. Bg3 Nb6 15.
a4 Bd6 16. Bxd6 Qxd6 17. Qf5 Qe6 18. Qxe6 Rxe6 19. Ne5 Rae8 20. h3 Nbd7 21. Nxd7
Nxd7 22. b4 Nf6 23. b5 Ne4 24. Ne2 Nd6 25. bxc6 bxc6 26. Rab1 Ne4 27. Rb7 R6e7
28. Rxe7 Rxe7 29. Rb1 Re6 30. a5 Re7 31. a6 Nd6 32. Nc3 Kg7 33. Kh2 f5 34. g3
Kf6 35. Rb8 f4 36. gxf4 gxf4 37. Rf8+ Rf7 38. Rxf7+ Nxf7 39. exf4 Kf5 40. Kg3
Nh8 41. f3 Ng6 42. Ne2 h5 43. h4 Kf6 44. Nc3 Kf5 45. Ne2 Kf6 46. Nc3 Kf5 47. Ne2
1/2-1/2

[Event "HugosPaynos"]
[Site "http://www.queenalice.com/game.php?id=1412598"]
[Date "2016.3.8"]
[Round "5"]
[White "Janivgm"]
[Black "Paulsains"]
[Result "0-1"]
[WhiteElo "1892"]
[BlackElo "1821"]

1. d4 Nf6 2. c4 g6 3. Nc3 Bg7 4. e4 d6 5. f4 Bg4 6. Be2 Bxe2 7. Qxe2 O-O 8. Nf3
Nbd7 9. Bd2 c5 10. d5 Qb6 11. b3 e6 12. Be3 exd5 13. Na4 Qc7 14. exd5 Ne4 15.
Rc1 Nb6 16. Nxb6 axb6 17. O-O Rfe8 18. Qd3 Rxa2 19. Rfe1 Nf6 20. h3 Nh5 21. Qb1
Raa8 22. Bd2 Rxe1+ 23. Rxe1 Nf6 24. Kh2 Re8 25. Rxe8+ Nxe8 26. Ng5 Nf6 27. g4 h6
28. Ne4 Qe7 29. Ng3 Nh7 30. b4 Bd4 31. Qe4 Qh4 32. Be1 Nf6 33. Qf3 Nh7 34. Qa3
Qe7 35. Bd2 Nf6 36. f5 Kg7 37. g5 Ng8 38. f6+ Nxf6 39. gxf6+ Qxf6 40. Ne4 Be5+
41. Kg2 Qh4 42. b5 Qxe4+ 0-1

[Event "AUTO-ADV-3520"]
[Site "http://www.queenalice.com/game.php?id=1414161"]
[Date "2016.3.20"]
[Round "3"]
[White "tewald"]
[Black "Janivgm"]
[Result "0-1"]
[WhiteElo "2081"]
[BlackElo "1883"]

1. d4 d5 2. Bf4 Nf6 3. e3 e6 4. Nd2 Bd7 5. Bd3 a6 6. c3 Nc6 7. h3 Be7 8. Ngf3
O-O 9. Qc2 b5 10. g4 h6 11. Rg1 g5 12. Bh2 Na5 13. h4 Ne8 14. hxg5 Bxg5 15. Bh7+
Kh8 16. Nxg5 hxg5 17. Rh1 Kg7 18. Be5+ Nf6 19. Bg8 Rxg8 20. Qh7+ Kf8 21. Qh6+
Ke8 22. Bxf6 Qb8 23. Qh7 Rf8 24. Bg7 Ke7 25. Bxf8+ Qxf8 26. Nf3 Qg8 27. O-O-O
Kd6 28. Ne5 Rf8 29. Rh6 Qxh7 30. Rxh7 Be8 31. Rdh1 f6 32. Nf3 Nc4 33. Rg7 Rf7
34. Rg8 Bd7 35. Ra8 a5 36. b3 Nb6 37. Rxa5 c6 38. Ra6 Nc8 39. a4 bxa4 40. bxa4
Kc7 41. Ra5 Kb6 42. Rc5 Nd6 43. a5+ Ka7 44. Kc2 Nb7 45. Rb1 Nxc5 46. dxc5 Ka6
47. Ra1 e5 48. Nd2 Bxg4 49. Nb3 Be2 50. Kd2 Bc4 51. Kc2 f5 52. Nd2 Be2 53. Re1
Bg4 54. Rh1 Kxa5 55. f3 f4 56. fxg4 fxe3 57. Nb3+ Kb5 58. Ra1 Rf2+ 59. Kd3 e4+
60. Kxe3 Rf3+ 61. Kd2 Kc4 62. Nd4 Rd3+ 63. Ke2 Rxc3 64. Nxc6 Kxc5 65. Ne5 d4 66.
Ra5+ Kb6 67. Rd5 Rc2+ 68. Kd1 d3 69. Rd4 Re2 70. Nf7 Kc5 71. Ra4 e3 72. Nxg5 Rg2
73. Ne6+ Kb5 74. Re4 Rg1# 0-1

[Event "AUTO-ADV-3520"]
[Site "http://www.queenalice.com/game.php?id=1414162"]
[Date "2016.3.20"]
[Round "3"]
[White "Janivgm"]
[Black "tewald"]
[Result "0-1"]
[WhiteElo "1894"]
[BlackElo "2042"]

1. d4 Nf6 2. c4 c5 3. d5 e6 4. Nc3 exd5 5. cxd5 d6 6. e4 g6 7. Nf3 a6 8. Be2 Bg7
9. O-O b5 10. a3 O-O 11. Rb1 Qd7 12. Be3 b4 13. axb4 cxb4 14. Na2 a5 15. Bd3 Ng4
16. Re1 Nxe3 17. Rxe3 Na6 18. Nc1 Nc5 19. Bc2 a4 20. Nd3 b3 21. Nxc5 dxc5 22.
Bd3 Qc7 23. h3 c4 24. Qc1 Bh6 25. Bxc4 Bxe3 26. fxe3 Ra5 27. Nd2 Rc5 28. Qf1 Qg3
29. Qf4 Qxf4 30. exf4 Bb7 31. Kf2 Rfc8 32. Ke3 Rxc4 33. Nxc4 Rxc4 34. h4 h5 35.
Rd1 Kf8 36. g3 Rc2 37. d6 Ke8 38. Rd2 Rxd2 39. Kxd2 Bxe4 40. Kc3 Kd7 41. Kb4 Bc6
42. Kc4 Kxd6 43. Kd4 a3 0-1

[Event "pgierech"]
[Site "http://www.queenalice.com/game.php?id=1414179"]
[Date "2016.3.20"]
[Round "4"]
[White "tariann"]
[Black "Janivgm"]
[Result "1-0"]
[WhiteElo "2274"]
[BlackElo "1884"]

1. e4 e5 2. Nf3 Nf6 3. Nxe5 d6 4. Nf3 Nxe4 5. d4 d5 6. Bd3 Be7 7. O-O Nc6 8. Re1
Bg4 9. c3 f5 10. Qb3 b6 11. Bb5 Qd6 12. Ne5 O-O-O 13. Bxc6 Bh5 14. Qb5 Rdf8 15.
Qxd5 Qxd5 16. Bxd5 Bh4 17. Bxe4 fxe4 18. Be3 Be8 19. Nd2 Rf5 20. Nxe4 Rhf8 21.
Ng3 R5f6 22. Rad1 g6 23. Nf3 Bxg3 24. hxg3 Kb7 25. c4 Bd7 26. c5 Bg4 27. cxb6
axb6 28. d5 h5 29. Bf4 Rf5 30. Re7 R8f7 31. Rxf7 Rxf7 32. d6 cxd6 33. Rxd6 Bf5
34. Be3 Rc7 35. Rxb6+ Kc8 36. a4 Bc2 37. a5 Be4 38. a6 1-0

[Event "AUTO-ADV-3459"]
[Site "http://www.queenalice.com/game.php?id=1414942"]
[Date "2016.3.25"]
[Round "2"]
[White "Janivgm"]
[Black "Paulsains"]
[Result "1-0"]
[WhiteElo "1875"]
[BlackElo "1944"]

1. d4 Nf6 2. c4 g6 3. Nc3 Bg7 4. e4 O-O 5. e5 Ne8 6. Nf3 e6 7. Bg5 f6 8. Bh4 c6
9. b4 Qb6 10. a3 fxe5 11. c5 Qc7 12. Bg3 d6 13. dxe5 dxc5 14. bxc5 Nd7 15. Qd4
b5 16. Bd3 Bb7 17. Ne4 Rxf3 18. gxf3 Nxe5 19. Bxe5 Bxe5 20. Qe3 Bxa1 21. h4 Bg7
22. Qg5 Qa5+ 23. Kf1 Qxa3 24. Be2 Ba6 25. Rg1 b4 26. h5 Bxe2+ 27. Kxe2 Qb2+ 28.
Kf1 gxh5 29. Nd6 Nxd6 30. cxd6 Qf6 31. Qxf6 1-0

[Event "AUTO-ADV-3459"]
[Site "http://www.queenalice.com/game.php?id=1414943"]
[Date "2016.3.25"]
[Round "2"]
[White "Paulsains"]
[Black "Janivgm"]
[Result "0-1"]
[WhiteElo "1968"]
[BlackElo "1863"]

1. e4 e5 2. Nf3 Nf6 3. Nc3 d6 4. Be2 Nc6 5. d3 Be7 6. O-O Bg4 7. h3 Bh5 8. Nh2
Bg6 9. Bd2 Nd4 10. f4 Bh5 11. Bxh5 Nxc2 12. Bxf7+ Kxf7 13. Qxc2 Rf8 14. fxe5
dxe5 15. Nd5 c6 16. Nxf6 gxf6 17. Ng4 Qb6+ 18. Be3 Qb5 19. Qc4+ Qxc4 20. dxc4 a6
21. Bg5 Ke6 22. Bh6 Rg8 23. Rf5 Rad8 24. Raf1 Rg6 25. Bc1 h5 26. Ne3 Bc5 27.
R5f3 Rd4 28. Kh1 Rxe4 29. b3 h4 30. Nf5 Re2 31. Nxh4 e4 32. Rf5 Rg8 33. Rxf6+
Ke5 34. Rg6 Rd8 35. Rf5+ Kd4 36. Rf1 Kc3 37. Rg5 Be7 38. Rg4 e3 39. Nf5 Bc5 40.
Re4 Rd3 41. Kh2 Kc2 42. Kg3 Rf2 43. Re1 Rxf5 44. Bxe3 Bd6+ 45. Kg4 Ra5 46. Rd4
Rxd4+ 47. Bxd4 Kd3 48. Rd1+ Ke2 49. Ra1 Be7 50. Bc3 Rg5+ 51. Kf4 Kd3 52. Be5
Rxg2 53. a3 Bf8 54. Kf3 Rg6 55. Ra2 Bg7 56. Bxg7 Rxg7 57. Re2 Rf7+ 0-1

[Event "AUTO-ADV-3459"]
[Site "http://www.queenalice.com/game.php?id=1414944"]
[Date "2016.3.25"]
[Round "2"]
[White "Janivgm"]
[Black "biskydad"]
[Result "1/2-1/2"]
[WhiteElo "1880"]
[BlackElo "1880"]

1. d4 Nf6 2. c4 c5 3. d5 d6 4. Nc3 g6 5. e4 Bg7 6. h3 O-O 7. Nf3 e6 8. Bd3 a6 9.
O-O exd5 10. cxd5 Nbd7 11. Re1 b5 12. a3 Bb7 13. Bf4 c4 14. Bc2 Nc5 15. Nd4 Re8
16. f3 Nh5 17. Be3 Be5 18. Bf2 Nf4 19. Nc6 Bxc6 20. dxc6 Qc7 21. Bxc5 dxc5 22.
Qd7 Nd3 23. Bxd3 cxd3 24. Qxd3 Qxc6 25. Rab1 Bd4+ 26. Kf1 Rad8 27. Nd5 a5 28. b3
Qd6 29. Qxb5 Qh2 30. Qxa5 Qh1+ 31. Ke2 Qxg2+ 32. Kd3 Qxf3+ 33. Kc4 Rxe4 34.
Qxd8+ Kg7 35. Rxe4 Qxe4 36. Nc3 Bxc3+ 37. Kxc3 Qxb1 38. Qd2 Qa1+ 39. Qb2 Qe1+
40. Kc4+ f6 41. a4 Qb4+ 42. Kd3 h5 43. Qc3 g5 44. a5 Qb5+ 45. Ke4 Kg6 46. Qc4
Qxa5 47. Qg8+ Kh6 48. Qh8+ Kg6 49. Qg8+ Kh6 50. Qh8+ Kg6 51. Qe8+ Kh6 52. Qh8+
Kg6 1/2-1/2

[Event "AUTO-ADV-3459"]
[Site "http://www.queenalice.com/game.php?id=1414945"]
[Date "2016.3.25"]
[Round "2"]
[White "biskydad"]
[Black "Janivgm"]
[Result "1-0"]
[WhiteElo "1863"]
[BlackElo "1899"]

1. d4 d5 2. c4 c6 3. Nc3 Nf6 4. e3 g6 5. Bd3 Bg7 6. Nf3 O-O 7. O-O Bg4 8. h3 Bd7
9. cxd5 Nxd5 10. e4 Nb6 11. Bg5 Re8 12. e5 Qc7 13. b3 Nd5 14. Qd2 Nxc3 15. Qxc3
Be6 16. a4 Nd7 17. b4 Bd5 18. Bc4 Bxc4 19. Qxc4 e6 20. a5 b6 21. Qc3 c5 22. axb6
axb6 23. Rfd1 c4 24. Rdc1 b5 25. Rxa8 Rxa8 26. Be7 Nxe5 27. Bc5 Nxf3+ 28. Qxf3
Ra2 29. d5 exd5 30. Qxd5 Bh6 31. Re1 Qc8 32. Bd4 Qb8 33. Qc6 Ra8 34. Qf6 1-0

[Event "AUTO-OPEN-3485"]
[Site "http://www.queenalice.com/game.php?id=1416348"]
[Date "2016.4.2"]
[Round "3"]
[White "NatanEstivallet"]
[Black "Janivgm"]
[Result "1-0"]
[WhiteElo "2304"]
[BlackElo "1880"]

1. e4 e5 2. Nf3 Nf6 3. Nxe5 d6 4. Nc4 Nxe4 5. Nc3 Nxc3 6. dxc3 Be6 7. Be3 Nc6 8.
Qe2 Qf6 9. O-O-O g6 10. Kb1 Bg7 11. h4 O-O 12. h5 a5 13. g4 Rfe8 14. g5 Qe7 15.
Bg2 Nd8 16. hxg6 fxg6 17. Rh2 Nf7 18. Bc1 Nxg5 19. Bxb7 Ra7 20. Bc6 Bxc4 21.
Qxc4+ Qe6 22. Bd5 1-0

[Event "AUTO-OPEN-3485"]
[Site "http://www.queenalice.com/game.php?id=1416349"]
[Date "2016.4.2"]
[Round "3"]
[White "Janivgm"]
[Black "NatanEstivallet"]
[Result "0-1"]
[WhiteElo "1878"]
[BlackElo "2319"]

1. d4 Nf6 2. c4 g6 3. Nc3 d5 4. Bf4 Bg7 5. e3 c5 6. dxc5 Qa5 7. Rc1 Ne4 8. Qa4+
Qxa4 9. Nxa4 e5 10. Bg3 d4 11. exd4 exd4 12. Bd6 Bd7 13. b3 Bxa4 14. bxa4 Na6
15. Bd3 Naxc5 16. Bxe4 Nxe4 17. Bb4 O-O-O 18. Nf3 Nc3 19. Bxc3 dxc3 20. O-O Rhe8
21. Ng5 Re2 22. Nxf7 Rdd2 23. Rce1 Rxe1 24. Rxe1 c2 0-1

[Event "AUTO-OPEN-3485"]
[Site "http://www.queenalice.com/game.php?id=1416350"]
[Date "2016.4.2"]
[Round "3"]
[White "vivafischer"]
[Black "Janivgm"]
[Result "1-0"]
[WhiteElo "2335"]
[BlackElo "1911"]

1. d4 d5 2. c4 c6 3. Nf3 Nf6 4. e3 Bf5 5. Nc3 e6 6. Nh4 Bb4 7. Nxf5 exf5 8. Bd3
g6 9. Qc2 O-O 10. O-O Re8 11. a3 Ba5 12. cxd5 Bxc3 13. bxc3 Qxd5 14. c4 Qd6 15.
a4 Nbd7 16. Ba3 c5 17. d5 b6 18. Bb2 Ne5 19. Be2 Neg4 20. g3 Ne5 21. a5 b5 22.
cxb5 Qxd5 23. Bxe5 Qxe5 24. Bf3 Rab8 25. Rac1 Rec8 26. Bc6 Ne4 27. f3 Ng5 28.
Qxc5 Qxc5 29. Rxc5 Ne6 30. Rc4 Nd8 31. Rfc1 Kg7 32. Bd7 Rxc4 33. Rxc4 Nb7 34. a6
Nd6 35. Rc5 Kf6 36. Rc7 Nxb5 37. Bxb5 Rxb5 38. Rxa7 Ra5 39. Ra8 h5 40. Kf2 Ra3
41. a7 Kg5 42. Ke2 f6 43. Rh8 1-0

[Event "AUTO-OPEN-3485"]
[Site "http://www.queenalice.com/game.php?id=1416351"]
[Date "2016.4.2"]
[Round "3"]
[White "Janivgm"]
[Black "vivafischer"]
[Result "0-1"]
[WhiteElo "1882"]
[BlackElo "2261"]

1. d4 Nf6 2. c4 e6 3. Nc3 Bb4 4. Bd2 O-O 5. e3 b6 6. Nf3 Bb7 7. Bd3 d6 8. O-O
Nbd7 9. a3 Bxc3 10. Bxc3 Ne4 11. Qc2 f5 12. b4 Nxc3 13. Qxc3 Bxf3 14. gxf3 Qh4
15. f4 Qg4+ 16. Kh1 Qf3+ 17. Kg1 Rf6 18. Rfb1 Rg6+ 19. Kf1 Rg2 20. Qe1 Rxh2 0-1

[Event "AUTO-OPEN-3561"]
[Site "http://www.queenalice.com/game.php?id=1418878"]
[Date "2016.4.18"]
[Round "2"]
[White "clovis"]
[Black "Janivgm"]
[Result "1-0"]
[WhiteElo "2059"]
[BlackElo "1909"]

1. e4 e5 2. Bc4 Bc5 3. Nf3 d6 4. O-O Nc6 5. d3 h6 6. Be3 Bxe3 7. fxe3 f6 8. Nh4
Nge7 9. Qh5+ Kd7 10. Qf7 Qf8 11. Nc3 Qxf7 12. Bxf7 b6 13. Nf5 Nxf5 14. exf5 Ke7
15. Bd5 Bb7 16. Ne4 Rab8 17. g4 Nd8 18. Bxb7 Nxb7 19. h4 Nd8 20. g5 hxg5 21.
hxg5 Nf7 22. g6 Nd8 23. Kg2 Nc6 24. Rh1 Nb4 25. Kg3 c5 26. Rh7 Rhg8 27. Rc1 a5
28. a3 Nc6 29. Nc3 Kd8 30. Nd5 b5 31. Rch1 a4 32. Nxf6 gxf6 33. Rf7 Ne7 34. Rxf6
Nxf5+ 35. Rxf5 Rxg6+ 36. Kf3 Kc7 37. Ke4 Kc6 38. Rh7 Rbg8 39. d4 Rg4+ 40. Kd3
c4+ 41. Kc3 exd4+ 42. exd4 Rg3+ 43. Kb4 R8g5 44. Rxg5 Rxg5 45. Rh8 Kc7 46. Ra8
Rf5 47. Ra6 Rg5 48. Ka5 Rg4 49. c3 Rg2 50. Kxb5 Rxb2+ 51. Kxc4 Rb8 52. Rxa4 Rc8
53. Kd5 Kb6 54. Rc4 Ra8 55. a4 1-0

[Event "AUTO-OPEN-3561"]
[Site "http://www.queenalice.com/game.php?id=1418879"]
[Date "2016.4.18"]
[Round "2"]
[White "Janivgm"]
[Black "clovis"]
[Result "0-1"]
[WhiteElo "1922"]
[BlackElo "2037"]

1. d4 d5 2. c4 c6 3. Nf3 e6 4. Nc3 Nf6 5. e3 Nbd7 6. Bd3 Bd6 7. c5 Bc7 8. b4 O-O
9. O-O e5 10. a4 e4 11. Bb2 exd3 12. Qxd3 Re8 13. Ne2 Ne4 14. b5 Ndf6 15. Rfc1
Ng4 16. Rf1 Nexf2 17. Rxf2 Rxe3 18. Qd2 Rxf3 19. Rxf3 Bxh2+ 20. Kf1 Qh4 21. Raa3
Bd7 22. Rab3 Re8 23. Bc1 Bc7 24. bxc6 Qh1+ 25. Ng1 Bh2 26. Rbe3 Qxg1+ 27. Ke2
Bxc6 28. Rxe8+ Bxe8 29. Kd3 h6 30. Qe2 Bxa4 31. Kc3 Qxc1+ 32. Kb4 Bc6 33. Rh3
a5+ 34. Kb3 a4+ 35. Ka2 a3 36. Rxa3 Nf6 37. Qd3 Ne4 38. g4 Bg1 39. g5 Qd2+ 40.
Qxd2 Nxd2 41. gxh6 Nc4 42. Rh3 Bxd4 43. hxg7 Bxc5 44. Rg3 d4 45. Kb3 Ne5 46. Rg5
f6 47. Rg3 d3 48. Kc3 b5 49. Kd2 Bb4+ 0-1

[Event "AUTO-OPEN-3561"]
[Site "http://www.queenalice.com/game.php?id=1418886"]
[Date "2016.4.18"]
[Round "2"]
[White "rsgaspar"]
[Black "Janivgm"]
[Result "1-0"]
[WhiteElo "2586"]
[BlackElo "1924"]

1. e4 e5 2. Nf3 Nf6 3. Nxe5 d6 4. Nf3 Nxe4 5. d4 d5 6. Bd3 Be7 7. O-O O-O 8. c4
c6 9. Nc3 Nxc3 10. bxc3 Be6 11. Qc2 g6 12. Re1 Nd7 13. Bh6 Re8 14. Rxe6 fxe6 15.
Bxg6 Bf8 16. Bxh7+ Kh8 17. Qg6 Bxh6 18. Qxh6 Re7 19. Bf5+ Kg8 20. Bxe6+ Rxe6 21.
Qxe6+ Kf8 22. Qh6+ Ke8 23. Qg6+ Kf8 24. Ng5 Qe8 25. Nh7+ 1-0

[Event "AUTO-OPEN-3561"]
[Site "http://www.queenalice.com/game.php?id=1418887"]
[Date "2016.4.18"]
[Round "2"]
[White "Janivgm"]
[Black "rsgaspar"]
[Result "0-1"]
[WhiteElo "1882"]
[BlackElo "2566"]

1. d4 d5 2. c4 e6 3. Nc3 Nf6 4. Nf3 Be7 5. e3 O-O 6. a3 b6 7. Qc2 c5 8. Ne5 dxc4
9. Bxc4 cxd4 10. Ne4 dxe3 11. Bxe3 Qc7 12. Bf4 Nh5 13. Qc1 Nxf4 14. Qxf4 Nd7 15.
Nd3 Qxf4 16. Nxf4 Bb7 17. f3 Ne5 18. Be2 Rac8 19. O-O Rfd8 20. b4 g5 21. Nh3 g4
22. Nhf2 f5 23. Ng3 gxf3 24. gxf3 Nxf3+ 25. Bxf3 Bxf3 26. Rfe1 Bf6 27. Rac1 Rxc1
28. Rxc1 Rd7 29. Rc8+ Kg7 30. Kf1 Rd2 31. Rc7+ Kh6 32. Rxa7 Bd5 33. Rc7 Ra2 34.
Ra7 Bc4+ 35. Kg1 Bd5 36. Nd3 Bd4+ 37. Kf1 Bc4 38. Rd7 Bxd3+ 0-1

[Event "AUTO-OPEN-3561"]
[Site "http://www.queenalice.com/game.php?id=1418891"]
[Date "2016.4.18"]
[Round "2"]
[White "Janivgm"]
[Black "rubenov"]
[Result "1-0"]
[WhiteElo "1907"]
[BlackElo "1937"]

1. d4 d5 2. c4 e6 3. Nc3 c6 4. Nf3 Nf6 5. Qb3 Bd6 6. e3 O-O 7. c5 Bc7 8. Bd2
Nbd7 9. Be2 h6 10. O-O e5 11. Rad1 e4 12. Ne1 Bb8 13. g3 Nh7 14. Ng2 Ng5 15. Bg4
f5 16. Be2 Nf3+ 17. Bxf3 exf3 18. Ne1 Nf6 19. Nxf3 Ne4 20. Nxe4 fxe4 21. Nh4 g5
22. Ng2 Rf3 23. Ne1 Qd7 24. Nxf3 exf3 25. Qd3 Kg7 26. e4 Qh3 27. Qxf3 Bg4 28.
Qh1 Bxd1 29. Rxd1 Qh5 30. Re1 dxe4 31. Qxe4 1-0

[Event "pgierech"]
[Site "http://www.queenalice.com/game.php?id=1427349"]
[Date "2016.6.12"]
[Round "5"]
[White "Janivgm"]
[Black "carver"]
[Result "0-1"]
[WhiteElo "1880"]
[BlackElo "2135"]

1. d4 d5 2. c4 e6 3. Nc3 Bb4 4. Nf3 Nf6 5. Bg5 dxc4 6. e3 b5 7. Be2 Bb7 8. O-O
a6 9. a4 Bxc3 10. bxc3 Nbd7 11. Qc2 h6 12. Bh4 Qb8 13. Rfb1 Be4 14. Qd1 Bxb1 15.
Rxb1 Ne4 16. Qc1 Nd6 17. Nd2 c6 18. Nxc4 Nf5 19. Bg3 Nxg3 20. fxg3 Qc7 21. axb5
axb5 22. Nd2 O-O 23. e4 Ra2 24. Bf3 Rfa8 25. e5 Qa7 26. Bxc6 Rb8 27. Bxb5 Nxe5
28. Kf1 Ng6 29. Nf3 Ra5 30. c4 Ne7 31. Ne5 Rd8 32. Nf3 Nf5 33. Qf4 Ra1 34. Re1
Rxe1+ 35. Kxe1 Nxd4 36. Qe4 Qa1+ 37. Kf2 Qb2+ 38. Ke3 Nxb5 39. cxb5 Qxb5 40. Kf4
Rd5 41. Kg4 f5+ 0-1